Entrada Personal Name
Número de registros utilizados en: 1
001 - CONTROL NUMBER
- control field: 220
003 - CONTROL NUMBER IDENTIFIER
- control field: DLC
005 - DATE AND TIME OF LATEST TRANSACTION
- control field: 20250715164457.0
008 - FIXED-LENGTH DATA ELEMENTS
- fixed length control field: 910719n| azannaabn |a aaa
010 ## - LIBRARY OF CONGRESS CONTROL NUMBER
- LC control number: n 91071750
- Canceled/invalid LC control number: no2015025132
035 ## - SYSTEM CONTROL NUMBER
- System control number: (OCoLC)oca02986372
040 ## - CATALOGING SOURCE
- Original cataloging agency: DLC
- Language of cataloging: spa
- Description conventions: rda
- Transcribing agency: Mx-PuUPA
- Modifying agency: DLC
- Modifying agency: OCoLC
- Modifying agency: TxU
- Modifying agency: ICU
- Modifying agency: DLC
- Modifying agency: NmU
- Modifying agency: Mx-PuUPA
046 ## - SPECIAL CODED DATES
- Birth date: 19460609
- Source of date scheme: edtf
100 1# - HEADING--PERSONAL NAME
- Personal name: Galeana de Valadés, Patricia,
- Dates associated with a name: 1946-
368 ## - OTHER ATTRIBUTES OF PERSON OR CORPORATE BODY
- Title of person: Dra.
370 ## - ASSOCIATED PLACE
- Other associated place: Ciudad de México (México)
- Source of term: naf
372 ## - FIELD OF ACTIVITY
- Field of activity: Historia
- Source of term: lcsh
372 ## - FIELD OF ACTIVITY
- Field of activity: Estudios latinoamericanos
373 ## - ASSOCIATED GROUP
- Associated group: Archivo General de la Nación (México)
- Source of term: naf
- Start period: 1994-06-02
- End period: 1999-11-15
373 ## - ASSOCIATED GROUP
- Associated group: Instituto Nacional de Estudios Históricos de las Revoluciones de México
- Source of term: naf
- Start period: 2013-01-15
373 ## - ASSOCIATED GROUP
- Associated group: Universidad Nacional Autónoma de México. Facultad de Filosofía y Letras
- Source of term: naf
374 ## - OCCUPATION
- Occupation: Autora
375 ## - GENDER
- Gender: mujer
- Source of term: lcdgt
377 ## - ASSOCIATED LANGUAGE
- Language code: spa
400 1# - SEE FROM TRACING--PERSONAL NAME
- Personal name: De Valadés, Patricia Galeana
- Dates associated with a name: 1946-
400 1# - SEE FROM TRACING--PERSONAL NAME
- Control subfield: nne
- Personal name: Galeana Herrera, Patricia
- Dates associated with a name: 1946-
400 1# - SEE FROM TRACING--PERSONAL NAME
- Personal name: Galeana, Patricia
- Dates associated with a name: 1946-
400 1# - SEE FROM TRACING--PERSONAL NAME
- Personal name: Herrera, Patricia Galeana
- Dates associated with a name: 1946-
400 1# - SEE FROM TRACING--PERSONAL NAME
- Personal name: Valadés, Patricia Galeana de
- Dates associated with a name: 1946-
670 ## - SOURCE DATA FOUND
- Source citation: Antología de mujeres universitarias, 1990:
- Information found: t.p. (Patricia Galeana de Valadés)
670 ## - SOURCE DATA FOUND
- Source citation: La condición de la mujer mexicana, 1992-1993:
- Information found: v. 2, t.p. (Patricia Galeana)
670 ## - SOURCE DATA FOUND
- Source citation: Nuestra frontera norte, 1999:
- Information found: t.p. (Patricia Galeana) t.p. verso (Patricia Galeana; Directora General, Archivo General de la Nación, Mexico)
670 ## - SOURCE DATA FOUND
- Source citation: 150 años de soberanía y libertad, 2014:
- Information found: title page (Patricia Galeana Herrera)
670 ## - SOURCE DATA FOUND
- Source citation: Historia de los ejércitos mexicanos, 2014:
- Information found: p. facing t.p. (Patricia Galeana; general director, Inst. Nac. de Estudios Históricos de las Revoluciones de México)
670 ## - SOURCE DATA FOUND
- Source citation: Her Currículum, 2013, via WWW, May 29, 2015
- Information found: (Dra. Patricia Galeana; b. June 9, 1946; Mexican; lic. in history, master's in Mexican history, doctorate in Latin American studies, all from Fac. de Filosofía y Letras, Univ. Nac. Aut. de México; general director, Inst. Nac. de Estudios Históricos de las Revoluciones de México, appointed Jan. 15, 2013; general director, Archivo General de la Nación, June 2, 1994-Nov. 15, 1999; coordinator of Antología de mujeres universitarias; lists other publications, affiliations, etc.)
- Uniform Resource Identifier: http://www.patriciagaleana.net/doc/CURRICULUM_2013.pdf
670 ## - SOURCE DATA FOUND
- Source citation: Red Política WWW site, May 29, 2015
- Information found: (Patricia Galeana Herrera; general director, Inst. Nac. de Estudios Históricos de las Revoluciones de México; former director, Archivo General de la Nación; etc.)
- Uniform Resource Identifier: http://www.redpolitica.mx/yopolitico/perfil/patricia/galeana-herrera